000 00464nam a2200181Ia 4500
001 9973
005 20260306161757.0
008 260306t1999||||xx |||||||||||||| ||spa||
041 _aESP
082 _aPE 869.56
_bG72 T. 1
100 _aGonzález Vigil, Ricardo
_eAUT
245 0 _aPoesía peruana siglo XX:
_bdel modernismo a los años 50
260 _c1999
300 _a769 páginas :
_c20 cm.
650 _aGEN
654 _aCHU
942 _cLIB
_dJUS
_fJUS
_2ddc
_n
999 _c9973
_d9973